Madhyasiddhāntakaumudī. (Record no. 77116)

MARC details
000 -LEADER
fixed length control field 01071cam a22003011 4500
001 - CONTROL NUMBER
control field sa 68000313
003 - CONTROL NUMBER IDENTIFIER
control field DLC
005 - DATE AND TIME OF LATEST TRANSACTION
control field 20260227112422.0
008 - FIXED-LENGTH DATA ELEMENTS--GENERAL INFORMATION
fixed length control field 900207s1964 ii b 000 0 sano
010 ## - LIBRARY OF CONGRESS CONTROL NUMBER
LC control number sa 68000313
035 ## - SYSTEM CONTROL NUMBER
System control number (OCoLC)21015070
040 ## - CATALOGING SOURCE
Original cataloging agency DLC
Transcribing agency WaU
Modifying agency DLC
041 0# - LANGUAGE CODE
Language code of text/sound track or separate title sanhin
042 ## - AUTHENTICATION CODE
Authentication code premarc
050 00 - LIBRARY OF CONGRESS CALL NUMBER
Classification number PK519
Item number .V35
100 0# - MAIN ENTRY--PERSONAL NAME
Personal name Varadarāja,
Dates associated with a name active 17th century.
245 10 - TITLE STATEMENT
Title Madhyasiddhāntakaumudī.
260 ## - PUBLICATION, DISTRIBUTION, ETC.
Date of publication, distribution, etc. 1964.
300 ## - PHYSICAL DESCRIPTION
Extent 34, 784 p.
Dimensions 19 cm.
500 ## - GENERAL NOTE
General note In Sanskrit; commentary in Hindi and Sanskrit; introductory matter in Hindi.
500 ## - GENERAL NOTE
General note The Madhyasiddhāntakaumudī by Varadarājā is an abridgement of and based on the Siddhāntakaumudī by Bhaṭṭojī Dīkṣita, which is in turn a commentary on Pāṇini's Aṣṭādhyāyi.
504 ## - BIBLIOGRAPHY, ETC. NOTE
Bibliography, etc. note Bibliographical footnotes.
650 #0 - SUBJECT ADDED ENTRY--TOPICAL TERM
Topical term or geographic name entry element Sanskrit language
General subdivision Grammar.
700 0# - ADDED ENTRY--PERSONAL NAME
Personal name Vishwa Nath,
Dates associated with a name 1902-
700 0# - ADDED ENTRY--PERSONAL NAME
Personal name Nigamanand,
Titles and other words associated with a name Swami,
Dates associated with a name 1915-
700 0# - ADDED ENTRY--PERSONAL NAME
Personal name Bhaṭṭojī Dīkṣita.
Title of a work Siddhāntakaumudī.
700 0# - ADDED ENTRY--PERSONAL NAME
Personal name Paṇini.
Title of a work Aṣṭādhyāyi.

No items available.

Powered by Koha